| Tag |
First Indicator |
Second Indicator |
Subfields |
| LEADER |
00000cam a2200000 4500 |
| 001 |
in00000060743 |
| 005 |
20151008050546.0 |
| 008 |
720126s1961 dcu b 00000 eng u |
| 010 |
|
|
|a 61013661
|
| 035 |
|
|
|a (OCoLC)00228717
|
| 035 |
|
|
|9 AAG1770AM
|
| 040 |
|
|
|c OUN
|d TXA
|d UtOrBLW
|
| 049 |
|
|
|a TXAM
|c [343490]
|
| 050 |
|
0 |
|a HC13
|b .C6 1960
|
| 092 |
|
|
|a 333.708
|b C748m
|
| 111 |
2 |
|
|a Conference on Natural Resources and Economic Growth
|d (1960 :
|c University of Michigan)
|
| 245 |
1 |
0 |
|a Natural resources and economic growth /
|c papers presented at a conference held under joint sponsorship of Resources for the Future, inc. [and] Committee on Economic Growth of the Social Science Research Council. Joseph J. Spengler, editor.
|
| 264 |
|
2 |
|a Washington :
|b Distributed by resources for the Future,
|c [1961]
|
| 300 |
|
|
|a x, 306 pages :
|b maps, diagrams ;
|c 23 cm.
|
| 336 |
|
|
|a text
|b txt
|2 rdacontent
|
| 337 |
|
|
|a unmediated
|b n
|2 rdamedia
|
| 338 |
|
|
|a volume
|b nc
|2 rdacarrier
|
| 504 |
|
|
|a Includes bibliographies. Bibliographical footnotes.
|
| 650 |
|
0 |
|a Natural resources
|v Congresses.
|
| 650 |
|
0 |
|a Economic development
|v Congresses.
|
| 700 |
1 |
|
|a Spengler, Joseph J.
|q (Joseph John),
|d 1902-1991.
|
| 999 |
|
|
|a MARS
|
| 999 |
f |
f |
|s 365834cd-1141-3be9-bcf5-d255ff6de0da
|i 5f82ea25-5bfc-3110-9fca-1cfb11e9a174
|t 0
|
| 952 |
f |
f |
|p ric
|a Texas A&M University
|b Rellis Campus
|c Joint Library Facility
|d Remote Storage
|t 0
|e HC13 .C6 1960
|h Library of Congress classification
|i unmediated -- volume
|m A14800740924
|
| 998 |
f |
f |
|a HC13 .C6 1960
|t 0
|l Remote Storage
|